[Event "BEL-chT 9899"]
[Site "Antwerp"]
[Date "1999.02.21"]
[Round "9"]
[White "Winants, Luc"]
[Black "Mohandesi, Shahin"]
[Result "1-0"]
[WhiteElo "2480"]
[BlackElo "2314"]
[Annotator "Winants,L"]
[PlyCount "75"]
[EventDate "1998.10.??"]
[EventType "team"]
[EventRounds "11"]
[EventCountry "BEL"]
[SourceTitle "CBM 071"]
[Source "ChessBase"]
[SourceDate "1999.08.01"]
[SourceVersion "1"]
[SourceVersionDate "1999.08.01"]
[SourceQuality "1"]

1. d4 Nf6 2. Bg5 Ne4 3. Bf4 c5 4. d5 Qb6 5. Nd2 Nxd2 (5... Qxb2 $142) 6. Bxd2
e5 (6... Qxb2 7. e4 $44) 7. e4 Be7 (7... Qxb2 8. Nf3 d6 $2 9. Rb1 Qa3 (9...
Qxa2 10. Qc1 $18) 10. Rb3 Qxa2 11. Qc1 $18 {[%csl Ra2]}) 8. Nf3 d6 9. Bd3 Bg4
10. O-O Nd7 11. h3 Bh5 12. a4 Qc7 13. b3 $16 {[%csl Gb5,Gf5] () ><b5, f5} h6
14. g4 (14. c3 Bg5 15. Bxg5 Bxf3 16. Qxf3 hxg5 17. Qg4 $16) 14... Bg6 15. Be3 {
[%csl Yg6]} O-O-O 16. c3 {/\ 17. b4} h5 17. g5 h4 {/\ Bh5, f6} (17... f6 18.
Nh4) 18. Qc2 f6 19. Kh2 {[%cal Yf1g1] <-> g1-g8} Bh5 20. gxf6 Bxf3 (20... gxf6
21. Nxh4 Bg4 22. hxg4 (22. f3 $2 Bxh3 23. Kxh3 f5 24. Bf2 Rh6) 22... Rxh4+ 23.
Kg3 Rdh8 (23... f5 24. exf5 e4 25. Bxe4 Ne5 26. f3) 24. Kf3 $16) (20... Nxf6
21. Ng5 $16) (20... Bxf6 21. Be2) 21. fxe7 Rde8 22. Be2 Bxe2 23. Qxe2 Rxe7 24.
b4 Kb8 25. a5 Rf7 26. Rg1 $16 cxb4 (26... c4 27. b5 Qc8 28. Ra4 {[%csl Rc4]})
27. cxb4 Nf6 28. Rac1 Qd7 29. Rc4 Rff8 30. Rgc1 {[%cal Yb4b6,Gc4c7]} Rc8 31. b5
Rxc4 32. Qxc4 Rf8 33. Qc2 (33. f3 Nh5 34. Kg2 (34. b6 axb6) 34... Qf7 $132) (
33. Rc2 $22 Rf7 (33... Nh5 34. b6 a6 35. Qc7+ Qxc7 36. Rxc7 $18) 34. f3 Nh5 35.
Kg2 $18) (33. Bg5) 33... Rf7 34. f3 $2 (34. b6 a6 35. Bg5 Nh5 36. Bxh4 Nf4 37.
Qb3 {[%cal Yc1c7]}) (34. f3 {[#]}) 34... Nh5 $2 (34... Nxd5 $3 35. exd5 Rxf3 {
[%csl Re3,Rh3]} 36. Bxa7+ $8 Kxa7 (36... Ka8 $2 37. Qg2 Rg3 38. Qf1 $18) 37.
b6+ Ka6 $1 (37... Kb8 38. Qc7+ Qxc7 39. Rxc7 $14) 38. Qe2+ Qb5 39. Qxf3 Qb2+
40. Qg2 Qxc1 {[%csl Ya5,Yb6,Yd5] [#]} 41. Qf1+ $3 Qxf1 $11 {Pat !!}) 35. Kg2
Nf4+ 36. Bxf4 Rxf4 37. b6 Rf7 (37... a6 38. Qc7+ Qxc7 39. Rxc7 $18) (37... axb6
38. axb6 Rf7 39. Qa2 $18) (37... Rf7 {[#]}) 38. Qc8+ $1 (38. Qc8+ Qxc8 39.
Rxc8+ Kxc8 40. bxa7 $18) 1-0

[Event "FRA-chT2 GP Nord"]
[Site "France"]
[Date "2002.11.16"]
[Round "2.1"]
[White "Winants, Luc"]
[Black "Verat, Laurent"]
[Result "1-0"]
[WhiteElo "2504"]
[BlackElo "2360"]
[Annotator "Winants,L"]
[PlyCount "105"]
[EventDate "2002.10.13"]
[EventType "team"]
[EventRounds "11"]
[EventCountry "FRA"]
[SourceTitle "EXT 2005"]
[Source "ChessBase"]
[SourceDate "2004.11.15"]
[SourceVersion "1"]
[SourceVersionDate "2004.11.15"]
[SourceQuality "1"]

1. d4 Nf6 2. Bg5 Ne4 3. Bf4 c5 4. d5 Qb6 5. Nd2 {Ce gambit ne vaut pas celui
du gambit du Capitaine Evans, si cher aux champions du 19e siècle. Cependant
la théorie ne s'y est jamais vraiment intéressée et les analyses présentées ne
paraissent guère convaincantes. Les Blancs y trouveront donc encore l'occasion
d'y mener de belles parties d'attaque et pour de nombreuses années а venir !}
Qxb2 6. Nxe4 Qb4+ 7. Qd2 Qxe4 8. e3 g5 {Cette réplique avait été présentée
comme une réfutation...} 9. f3 Qf5 ({Sur} 9... Qg6 {il suivrait} 10. Be5 {
puis Bd3 augmentant encore l'avance en développement.}) 10. Bg3 Qf6 11. c3 Bg7
12. Rc1 d6 13. f4 {Une nouveauté : Les Blancs dégagent de nouvelles lignes
pour assiéger la Dame et profiter des affaiblissements consentis а l'aile Roi 
(...g5).} Nd7 {Un choix manifestement discutable : la Tour et le Bc8 se
retrouvent pris dans de nouveaux embouteillages.} 14. Nf3 h6 15. Bd3 {Prépare
le roque et le siège le long de la colonne -f-.} e5 (15... gxf4 $2 {perdait
sur-champ après} 16. Bh4) 16. dxe6 Qxe6 17. O-O {Pour l'instant le pion g5
n'intéresse personne !} Bf6 {Il ne sait plus que faire, mais si} (17... g4 {
alors} 18. Nh4 {vers f5, g7 et d6.}) 18. Bb5 {Il devait déjà y avoir plusieurs
façons de procéder. Supposons :} (18. f5 $5 Qe7 ({ou} 18... Qd5 19. c4 Qc6 20.
Qc2 {puis Fe4-d5 ou Cd2-e4.}) 19. Bb5 Be5 20. Nxe5 dxe5 21. Rcd1 f6 (21... a6
22. Bxe5) 22. Qd5 a6 ({sur} 22... Rb8 23. Qe6 $1 {gagne.}) 23. Ba4 Ra7 24. Bxe5
$3 {et l'édifice doit succomber.}) 18... g4 19. f5 Qe4 20. Qxd6 Qe7 (20... Be7
21. Qe5 {ne valait guère mieux.}) 21. Nd2 a6 22. Bxd7+ Bxd7 23. Ne4 {La pointe
des coups précédents :les Noirs sont pris de vitesse.} Bg5 ({Si} 23... Qxe4 24.
Qxf6 Rg8 25. Rcd1 Bc6 26. Rf2 Qe7 27. Bh4 Qxf6 28. Bxf6 {puis Rfd2 décide.})
24. Qd3 Bc6 25. Nd6+ Kf8 26. Rce1 Bf6 {Perd sans résistance et pourtant sur} (
26... h5 27. f6 $1 ({surtout pas} 27. e4 h4 28. Bf2 b6 29. e5 g3 30. Be3 h3 {
etc.}) 27... Qe6 (27... Bxf6 28. Rxf6 Qxf6 29. Rf1) 28. Qf5 Bxe3+ 29. Rxe3
Qxe3+ 30. Bf2 {Les Blancs l'emportent également.}) 27. e4 Be5 28. Bxe5 Qxe5 29.
Nc4 Qe7 30. e5 {Le rouleau compresseur est en marche !} Bb5 31. e6 f6 (31...
Rd8 {se heurtait а} 32. f6 $1 Rxd3 33. fxe7+ Kxe7 34. Rxf7+ Kd8 35. Ne5 {etc.})
32. Rd1 Kg7 33. Qe4 {Avec un atout tel que e6, les Blancs pourraient même se
contenter d'échanger toutes les pièces et gagner la finale de pions. La cause
des Noirs paraît désespérée.} h5 34. Ne3 (34. Ne5 {était non seulement plus
joli, mais aussi plus rapide.}) 34... Rad8 35. c4 Bc6 36. Qf4 Rd4 {le suicide
du condamné.} ({Supposons encore} 36... Rxd1 37. Rxd1 Rd8 38. Nd5 Bxd5 39. Rxd5
b5 40. Qd2 Rxd5 41. Qxd5 b4 (41... bxc4 42. Qd7 Kf8 43. Qxe7+ Kxe7 44. Kf2) 42.
Qc6 a5 43. Kf2 {Et le Roi se dirige vers h4 ou d5.}) 37. Rxd4 cxd4 38. Qxd4 Rd8
39. Nd5 Bxd5 40. cxd5 Qd6 41. Re1 Re8 42. a4 g3 43. hxg3 Qxg3 44. Re3 Qd6 45.
Qh4 Qc5 46. Qg3+ Kh8 47. Qf4 Kh7 48. Kh2 {Menace Rh3.} Rg8 49. Rg3 Qxd5 50.
Qc7+ Kh8 51. Rxg8+ Kxg8 52. Qc8+ Kg7 53. Qd7+ {Les Noirs abandonnent.} 1-0

[Event "FRA-chT"]
[Site "France"]
[Date "2001.04.01"]
[Round "7.2"]
[White "Winants, Luc"]
[Black "Turner, Matthew"]
[Result "1-0"]
[WhiteElo "2515"]
[BlackElo "2498"]
[Annotator "Winants,L"]
[PlyCount "175"]
[EventDate "2001.02.02"]
[EventType "team"]
[EventRounds "11"]
[EventCountry "FRA"]
[SourceTitle "CBM 083"]
[Source "ChessBase"]
[SourceDate "2001.07.05"]
[SourceVersion "1"]
[SourceVersionDate "2001.07.05"]
[SourceQuality "1"]
[WhiteTeam "Cappelle la Grande"]
[BlackTeam "Nancy"]
[WhiteTeamCountry "FRA"]
[BlackTeamCountry "FRA"]

{[%mdl 4096]} 1. d4 Nf6 2. Bg5 Ne4 3. Bf4 c5 4. d5 Qb6 5. Nd2 Nxd2 6. Bxd2 e5
7. e4 d6 8. Nf3 Be7 9. Bd3 Bg4 10. b3 Qd8 11. h3 Bxf3 12. Qxf3 Bg5 13. Bb5+ Kf8
14. Bc3 a6 15. Bf1 Nd7 16. g3 Bh6 17. a4 Ke7 18. h4 Re8 19. Bh3 Kf8 20. O-O a5
21. Qe2 Nf6 22. Rfb1 Re7 23. Be1 Qe8 24. Rd1 g6 25. Bc3 Nh5 26. Kg2 Kg8 27. Rh1
Rc7 28. Qd3 b6 29. Bg4 Nf6 30. Be2 c4 31. bxc4 Rac8 32. Qf3 Qd8 33. Rhe1 Kg7
34. Ra3 Nd7 35. Bd3 Rxc4 36. Bxc4 Rxc4 37. Qd3 Qc8 38. f4 f6 39. fxe5 dxe5 40.
Re2 Kf7 41. Bb2 Bf8 42. Rc3 Rxc3 43. Bxc3 Nc5 44. Qf3 Bd6 45. Rf2 Nxe4 46. Bxe5
Bxe5 47. Qxe4 Qc3 48. Qd3 Qb4 49. d6 Bxd6 50. Qb3+ Qxb3 51. cxb3 h5 52. Rc2 Bc5
53. Kf3 g5 54. hxg5 fxg5 55. Rd2 Be7 56. Rd7 Ke6 57. Rb7 Bd8 58. Ke4 h4 59.
gxh4 gxh4 60. Rh7 Kd6 61. Rh5 Be7 62. Kd4 Ke6 63. Ke4 Kd6 64. Kf5 $1 {Le plan
de gain consiste а éloigner le Be7 (Ke6-d7) de sa diagonale vers h4 : Pour
prendre le pion, tout en empêchant la contre-attaque des Noirs а l'aile Dame. 
(Kc5-b4)} (64. Rh6+ Kc5 65. Ke5 Kb4 66. Rxb6+ Kc3 {[%cal Re7b4,Rc3b3] /\ Bb4})
64... Kc6 (64... Bd8 65. Rh8 Be7 66. Rh6+ Kc5 67. Ke6 Bf8 (67... Bd8 68. Kd7
Bg5 69. Rh5 $18) 68. Rxh4 $18) (64... Kd5 65. Rh7 Kd6 66. Rh6+ Kc5 67. Ke6 $18)
65. Ke6 $2 {Joué trop rapidement.} ({Le coup juste était} 65. Rh6+ $1 Bd6 (
65... Kc7 66. Ke5 Bg5 67. Rh5 Bd8 68. Kd5 Kd7 69. Rh7+ Be7 70. Ke5 Kd8 71. Ke6
Bg5 72. Rh5 $18) 66. Ke4 $1 Kc5 67. Rxh4 $1 $18) 65... Bb4 66. Rxh4 b5 {
Cet échange fait toute la différence.} 67. Rh5 (67. axb5+ {Mériterait une
analyse séparée...}) 67... bxa4 68. bxa4 Bd2 $4 (68... Kc7 $8 $11 {Pour
remporter cette position les Blancs devraient réussir а  1) refouler le Roi
noir vers la colonne -g- (ex. Rf1 vs Kg5) 2) ramener leur propre Roi vers b5
ou b6  3) Prendre la Pa5 (Rf8-a8xa5). Or ce plan n'est malheureusement pas
réalisable. Un bon exemple de la défense а suivre (prise de l'opposition en
diagonale sur la colonne -f-) se trouve dans la partie Izeta-Ponomariov
disputée au championnat d'Europe de Batumi en 1999.}) 69. Rh2 $1 $18 Bb4 70.
Rc2+ Kb6 {Il faut conduire le Roi de e6 vers b5 de façon а créer un zuzwang.
Comment procéder ?} 71. Kd5 $6 {Ce coup ne gâche rien, mais il perd du temps.}
({Voici la méthode démontrée par Maizelis en 1963 :} 71. Kd7 $1 {[%cal Yc2c6,
Yc6h6,Yh6h5,Yh5b5] /\ Rc6-h6-h5-b5} Be1 72. Rc6+ Kb7 73. Rh6 $1 Bd2 74. Rh5 Be1
75. Rb5+ Ka6 76. Kc6 Bf2 77. Rb8 Ka7 (77... Ba7 78. Rc8 Bb6 79. Ra8+ Ba7 80.
Kd5 $3 Kb7 81. Re8 $1 Bb6 (81... Bf2 82. Re2 Bh4 (82... Bg1 83. Kc4 Kc6 84.
Re6+ Kb7 85. Kb5 $18) 83. Kc5 Bf6 84. Kb5 Bc3 85. Rc2 Be1 86. Rc4 Bb4 87. Rc1
$18 {voir la partie}) (81... Bb8 82. Kc5 Bf4 83. Kb5 Bd2 84. Rd8 Bb4 85. Rd7+
Kc8 86. Kc6 Kb8 87. Kb6 Kc8 88. Rd1 $18) 82. Kc4 Kc6 83. Re6+ Kb7 84. Kb5 Bd8
85. Rg6 Bc7 86. Rg7 $18) 78. Rc8 Be1 79. Kb5 Kb7 80. Rc4 Bb4 81. Rc1 $22 {
Voir la partie.}) 71... Kb7 (71... Ba3 $142 72. Ke6 $1 $18 {[%cal Ge6d7,Yc2c6,
Yc6h6,Yh6h5,Yh5b5] /\ Kd7, Rc6-h6-h5-b5}) 72. Rc6 Kb8 73. Kc4 Kb7 74. Kb5 Be1
75. Rc2 Bb4 76. Rc1 $22 {Premier zugzwang : Les Noirs doivent abandonner le
contrôle de b6.} Bd2 77. Rd1 Bb4 78. Rd7+ Kc8 79. Kc6 Kb8 80. Kb6 Kc8 81. Rd1
$22 {Deuxième Zugzwang : Le pion est perdu.} Be7 82. Kxa5 {Le gain n'est pas
encore simple :Il faut avant tout éviter d'avancer le pion trop rapidement.}
Bg5 83. Rb1 Be3 84. Rb5 $1 {[%cal Ya5b4,Yb4c4,Yc4d5,Yd5c6,Gb5b7,Ra4a8] Pour
ramener le Roi vers c6, tout en gardant le contrôle de la colonne -b- 
(Kb4-c4-d5-c6, Rb7, Pa4-a5-a6-a7-a8=Q). La même position serait donc nulle
avec le Roi sur a6 et le pion sur a5.} ({Et de même si} 84. Kb5 Kb7 85. a5 $4
Bf2 $11 {Les Blancs ne peuvent plus gagner.}) 84... Bd2+ 85. Kb6 Kb8 86. Re5 {
Evite le retour du Fou sur la diagonale g1-a7.} Kc8 87. Re8+ (87. a5 Bf4 88.
Re2 $18) 87... Kd7 88. Rg8 1-0

[Event "BEL-chT 0203"]
[Site "Belgium"]
[Date "2002.11.24"]
[Round "3.1"]
[White "Winants, Luc"]
[Black "Schebler, Gerhard"]
[Result "1/2-1/2"]
[WhiteElo "2504"]
[BlackElo "2484"]
[Annotator "Winants,L"]
[PlyCount "120"]
[EventDate "2002.10.06"]
[EventType "team"]
[EventRounds "11"]
[EventCountry "BEL"]
[SourceTitle "EXT 2004"]
[Source "ChessBase"]
[SourceDate "2003.11.25"]
[SourceVersion "1"]
[SourceVersionDate "2003.11.25"]
[SourceQuality "1"]
[WhiteTeam "Liege"]
[BlackTeam "Eupen Rochade"]
[WhiteTeamCountry "BEL"]
[BlackTeamCountry "BEL"]

1. d4 Nf6 2. Bg5 Ne4 3. Bf4 c5 4. d5 Qb6 5. Nd2 Qxb2 6. Nxe4 Qb4+ 7. Qd2 Qxe4
8. e3 Qb4 9. c3 Qa5 10. d6 {Il faut investir un second pion dans l'offensive,
autrement les Noirs avanceraient eux-mêmes leur pion sur d6 pour obtenir une
position sans faiblesse.} Nc6 11. Nf3 exd6 {Relevant le défi.} ({Encore une de
mes parties :} 11... g6 12. e4 Bg7 13. Rc1 Qa4 14. Bd3 e5 15. Bh6 Bf6 (15...
O-O 16. h4) 16. O-O b6 17. Ng5 Bd8 18. Nxf7 $3 Kxf7 19. f4 {avec attaque de
mat, Winants-Ribshtein, Anvers 1999.}) 12. Bc4 Be7 {Bien préparé, Schebler a
joué tout cela а la vitesse de l'éclair.} 13. h4 {Encore une nouvelle idée :
le Nf3 projette de bondir sur g5.} Ne5 $5 {les Noirs n'hésitent pas а rendre
un pion pour dégager leur jeu. Deux variantes instructives :} (13... O-O 14.
Ng5 b5 (14... h6 15. Qc2) 15. Bd5 Bb7 16. Qd3 g6 (16... Bxg5 17. hxg5 g6 18. e4
{puis Dh3.}) 17. Nxh7 $3 Kxh7 18. h5 Kg7 19. Bh6+ $3 Kxh6 20. hxg6+ {et
l'attaque perce.}) (13... h6 14. O-O O-O 15. e4 {(menace Bxh6)} Bf6 16. Rac1
Ne5 17. Bd5 Rb8 18. Bxh6 {et l'offensive fait le reste.}) 14. Bd5 {Pour
conserver le blocus.} Nxf3+ $2 {Une faute stratégique.} (14... Bf6 {valait
mieux.}) 15. gxf3 Bf6 16. Rc1 Be5 17. Rg1 {Les menaces surgissent au moment où
l'aile Dame des Noirs sommeille encore.} g6 ({Si} 17... Bxf4 18. exf4 O-O (
18... g6 19. f5) 19. f5 {(menace Dh6)} Re8+ 20. Kf1 Qb5+ (20... Kh8 21. Rxg7)
21. c4 Qb4 22. Rxg7+ Kxg7 23. Qg5+ Kf8 24. f6 {Le mat suit}) ({ou} 17... O-O
18. e4 Kh8 19. Bxe5 dxe5 20. Rxg7 $1 {Les Noirs sont perdus.}) 18. Bh6 $2 {
Il était inutile d'empêcher le petit roque, ceci d'autant plus que le Roi noir
était beaucoup mieux placé sur c7.} ({Bien sûr la possibilité de forcer la
nullité via} 18. Bxf7+ $5 Kxf7 19. Bxe5 dxe5 20. Qd5+ Kf6 21. Qd6+ Kf7 22. Qd5+
(22. h5 $2 Qb6) 22... Kf6 23. Qd6+ {-échec perpétuel- ne m'intéressait guère.})
({mais il fallait opter pour} 18. e4 $1 {Supposons alors} Qc7 ({sur} 18... Rb8
{alors enfin} 19. Bxf7+ $1) ({et si} 18... Kd8 19. Bxe5 dxe5 20. Qg5+ {gagne
une Tour...}) 19. Bg5 Rb8 20. f4 Bg7 21. f5 {(menace f6)} gxf5 $2 22. Qe2 f4
23. Qh5 Rf8 24. Bf6 $3 Bxf6 25. Rg8 $3 {et le mat reste imparable !}) 18... Qd8
$2 {Schebler ne trouve pas la meilleure réponse non plus.} ({Il fallait jouer} 
18... Rb8 {pour avancer vers b5 aussi rapidement que possible.}) 19. f4 Bf6 20.
f5 Qe7 21. Rg4 Rb8 $2 (21... gxf5 22. Rf4) (21... Be5 22. Bg5 Qf8 23. Qd3 {
valaient mieux, mais ne sauvaient probablement pas les Noirs.}) 22. Ke2 $2 {
Ratant une occasion en or :} (22. Re4 $1 Be5 23. Bxf7+ $3 ({je n'ai pas songé
un seul instant а céder cet atout ! Si} 23. Bg7 gxf5 24. Rxe5 dxe5 25. Bxh8 d6
{avec trois pions pour la pièce)}) 23... Kxf7 (23... Qxf7 24. Qxd6) 24. Qd5+
Ke8 25. Bg5 Qf8 26. fxg6 {(menace le mat via Rxe5 !)} hxg6 27. f4 $18 {et les
Blancs gagnent.}) 22... b5 23. Re4 Be5 24. Bg7 Bxg7 {Forcé, mais suffisant.} ({
Une erreur était encore} 24... gxf5 25. Rxe5 dxe5 26. Bxh8 d6 27. Rg1 {et les
Blancs arrivent les premiers.}) 25. Rxe7+ Kxe7 {Les Noirs ont obtenu une Tour,
un Fou et deux pions pour la Dame. Leur forteresse ne peut être vaincue.} 26.
Qd3 b4 27. Qe4+ Kd8 28. c4 a5 29. Qf4 Be5 30. Qg5+ Kc7 31. f4 Bb2 32. Rb1 Bc3
33. Bxf7 gxf5 34. Qxf5 a4 {Ce pion présente un nouvel avantage et le Bc3
apporte une nouvelle barricade sur les cases noires. La nullité devient
évidente.} 35. Qc2 a3 36. Qd3 Rb6 37. Bd5 Bb7 38. Bxb7 Kxb7 39. Rb3 Bb2 (39...
Kc7) 40. Kd1 {Vers b3.} Kc7 41. Qd5 Bc3 42. Kc2 Rbb8 43. Rb1 Rhe8 44. Rd1 Rb6 (
44... Re6) 45. Qf3 Rg8 {pour éviter toute infiltration de ce côté.} 46. h5 h6
47. Kb3 Rg7 $6 (47... Ra6 {était plus simple.}) 48. Qa8 Rc6 ({Non pas} 48...
Rg3 49. Qa7+ Rb7 50. Qa5+ Rb6 51. Rxd6 $1) 49. Rd5 {Prépare une nouvelle
attaque via Rf5-f8} Rf7 {Forcé.} 50. Qe8 Rf6 {De nouveau le seul coup.} 51. Qg8
({Si} 51. f5 {(pour continuer par e4 puis Td1-g1-g6) alors} Rb6 52. e4 Rb8 53.
Qe7 Rbf8 $1 54. Rxd6 Rxd6 55. Qxf8 Be5 {et l'affaire reste compliquée.}) 51...
Rb6 52. Qg3 Rf7 53. Rd1 Rb8 54. Qg6 Rf6 55. Qd3 Rg8 56. Qe2 Rf7 57. Qf3 Rf6 58.
Ka4 Rb8 59. Kb3 Rg8 60. Qf2 Rf7 {Et nulle de commun accord. Il n'y avait plus
rien а essayer.} 1/2-1/2

[Event "SWE-ch"]
[Site "Linkoping"]
[Date "2001.07.05"]
[Round "5"]
[White "Eriksson, Anders"]
[Black "Wedberg, Tom Birger"]
[Result "0-1"]
[WhiteElo "2354"]
[BlackElo "2504"]
[Annotator "Ziegler,A"]
[PlyCount "102"]
[EventDate "2001.06.30"]
[EventType "tourn"]
[EventRounds "13"]
[EventCountry "SWE"]
[EventCategory "8"]
[SourceTitle "CBM 085"]
[Source "ChessBase"]
[SourceDate "2001.11.13"]
[SourceVersion "1"]
[SourceVersionDate "2001.11.13"]
[SourceQuality "1"]

1. d4 Nf6 2. Bg5 e6 3. e3 {Anders för ut spelet på tämligen okänd terräng
tidigt. Ibland när man spelar så här vill man följa upp med f4. En slags
accelrerad "Stonewall" med mertempo.} h6 4. Bh4 d6 {Tom avskräcker vit från
att spela f4, eftersom svart då kan trycka in e5 vid läge.} 5. Bd3 Nbd7 6. f3
c5 7. c3 Be7 8. Ne2 O-O 9. O-O b6 10. Nd2 cxd4 11. cxd4 {[#] Tom hittar en
forcerad sekvens vilken flyttar fram hans positioner något.} Nd5 12. Bf2 Nb4
13. Bb1 Ba6 14. Nb3 d5 {I den här strukturen är det viktigt att ta för sig på
damflygeln. Speciellt c-linjen är viktig. Vit måste snabbt få ett torn till c1
för att opponera svarts spel.} 15. Re1 $6 (15. a3 Nc6 16. Bd3 Bxd3 17. Qxd3 {
Var ett sätt att hålla balansen.}) 15... Rc8 16. Bg3 Bh4 {Ett byte på
medellång sikt. Svarts tunga pjäser vill ha tillgång till c7-b8 när
positionerna flyttas fram. Att endast ha tillgång till c8 och c6 minskar
flexibiliteten.} 17. Qd2 Nc6 18. Bc2 Bc4 19. Nbc1 a5 {Svart börjar ta för sig.}
20. Nd3 Bxg3 21. hxg3 Qe7 {Här spelar Tom efter principen "Minimal optimering".
Man förbättrar sin ställning, lite, lite i taget.} 22. a3 Rc7 {Nu kan man se
effekterna av löparbytet.} 23. Nc3 Rfc8 {Svart initiativet. Vit kommer att
grillas nu.} 24. f4 Na7 {Draget är profylaktiskt. Visst kan Sb5 bli aktuellt,
men främst är draget till för att förhindra vit från att spela b3 eftersom
svart då slår på b3 och c3.} 25. Ne5 Nxe5 26. dxe5 {Nu ändrar svart sin plan,
eftersom omständigheterna har ändrats.} b5 27. Rec1 a4 28. Bd1 Nc6 29. Ne2 Qc5
{Det är på damflygeln festen är.} 30. Nd4 Qb6 31. Rc3 Na5 32. Kh2 Nb7 33. Bf3
Nc5 {[#]Det är så här det ser ut när stormästarna kastar upp springarna i
luften. Jämför även med Evgenijs springarmanövrer.} 34. Rac1 b4 35. axb4 Qxb4
36. R1c2 Qb6 {Vits uppgift var inte speciellt inspirerande, och då är det lätt
hänt att det blir så här.} 37. Ra3 $6 Nb3 38. Nxb3 Bxb3 39. Rxc7 Qxc7 40. Bd1
Qc4 41. Bxb3 axb3 42. Qd1 Qc2 43. Qa1 {[#] Här syns principen om två svagheter
tydligt. Vit har en svag b-bonde och en svag kung. Vit kan inte gardera båda.}
Kh7 {Först ett litet profylaktiskt drag innan de tunga pjäserna invaderar.} 44.
Ra7 Qe2 45. Qa6 Qh5+ 46. Kg1 Rc1+ 47. Kf2 Rc2+ 48. Kg1 Rc1+ 49. Kf2 Qd1 50. g4
Rc2+ 51. Kg3 Qe1+ {Det här partiet illustrerar vikten av att inte ge en
stormästare en lite men klart bättre ställning. Man måste sätta hårt mot hårt
från början och aldrig vika.} 0-1

[Event "Schwarzach op-A"]
[Site "Schwarzach"]
[Date "1998.08.24"]
[Round "3"]
[White "Quinn, Mark"]
[Black "Zoler, Dan"]
[Result "0-1"]
[WhiteElo "2350"]
[BlackElo "2500"]
[Annotator "Zoler,D"]
[PlyCount "46"]
[EventDate "1998.08.30"]
[EventType "swiss"]
[EventRounds "9"]
[EventCountry "AUT"]
[SourceTitle "EXT 2000"]
[Source "ChessBase"]
[SourceDate "1999.11.16"]
[SourceVersion "1"]
[SourceVersionDate "1999.11.16"]
[SourceQuality "1"]

1. d4 Nf6 2. Bg5 Ne4 3. Bf4 d5 4. e3 e6 5. Nd2 Nxd2 6. Qxd2 Be7 (6... Bd6) 7.
Bd3 O-O 8. Nf3 c5 9. dxc5 $2 (9. c3 $14) 9... Nd7 10. c4 (10. b4 Bf6) 10...
Nxc5 11. cxd5 Qxd5 (11... Nxd3+ 12. Qxd3 Qa5+ 13. Kf1 (13. Nd2 b6 14. e4 Ba6
$40)) 12. Be2 Qxd2+ 13. Nxd2 Rd8 14. Nc4 $6 (14. O-O-O Bd7 $15) 14... f6 15.
O-O e5 16. Bg3 Be6 17. Rfd1 Rac8 18. b3 $2 (18. Rxd8+ Rxd8 19. Rc1 $142) 18...
Rxd1+ $1 19. Rxd1 Ne4 {[#]} 20. Kf1 $16 (20. Bf3 Nc3 21. Rd3 e4 22. Rxc3 exf3
23. Rd3 b5 24. Nd2 Bf5 25. Rd4 $8 Rc1+ 26. Nf1 Bc5 27. Rd8+ Kf7 $19) (20. Bd3
Nc3 21. Rd2 b5 22. Na5 Bb4 23. Nb7 Bd5 24. Bf5 Ne2+ $19) 20... Nc3 21. Rd2 b5
22. Nb2 (22. Na5 Bb4 23. Nb7 Nxe2 $19) 22... Ne4 23. Rd1 Rc2 (23... Rc2 24. Nd3
Rxa2 25. Rc1 Bxb3 $19) 0-1